|
|
|
|
| LEADER |
00000nam0a2200000 4500 |
| 001 |
350938 |
| 005 |
20231102010343.0 |
| 035 |
|
|
|a (RuTPU)RU\TPU\retro\5318
|
| 090 |
|
|
|a 350938
|
| 100 |
|
|
|a 20190314d1948 m y0rusy50 ca
|
| 101 |
0 |
|
|a rus
|a fre
|
| 102 |
|
|
|a RU
|
| 105 |
|
|
|a y j 001zy
|
| 200 |
1 |
|
|a Учебник французского языка
|f З. Л. Степанова, А. А. Сырейщикова
|
| 205 |
|
|
|a 3-е изд., испр. и доп.
|
| 210 |
|
|
|a Москва
|c Издательство литературы на иностранных языках
|d 1948
|
| 215 |
|
|
|a 299 с.
|
| 317 |
|
|
|5 63413507: КР-6296
|a Поступила в НТБ в 1987 г. в дар от вдовы ученого Е. К. Завадовской
|
| 320 |
|
|
|a Vocabulary: p. 257-294
|
| 320 |
|
|
|a Index: p. 295
|
| 512 |
1 |
|
|a Manuel de français
|
| 606 |
1 |
|
|a Французский язык
|x Учебные руководства и пособия для вузов
|2 stltpush
|3 (RuTPU)RU\TPU\subj\16836
|9 42736
|
| 610 |
1 |
|
|a фонетика
|
| 610 |
1 |
|
|a лексика
|
| 610 |
1 |
|
|a грамматика
|
| 610 |
1 |
|
|a разговорная речь
|
| 610 |
1 |
|
|a упражнения
|
| 610 |
1 |
|
|a библиотека А. А. Воробьева
|
| 610 |
1 |
|
|a дары библиотеке
|
| 610 |
1 |
|
|a литературные тексты
|
| 610 |
1 |
|
|a песни
|
| 610 |
1 |
|
|a стихи
|
| 610 |
1 |
|
|a идиомы
|
| 610 |
1 |
|
|a словари
|
| 686 |
|
|
|a Ш147.11-923
|v LBC/SL-A
|2 rubbk
|
| 700 |
|
1 |
|a Степанова
|b З. Л.
|
| 701 |
|
1 |
|a Сырейщикова
|b А. А.
|
| 801 |
|
1 |
|a RU
|b 63413507
|c 20190314
|
| 801 |
|
2 |
|a RU
|b 63413507
|c 20190606
|g RCR
|
| 942 |
|
|
|c BK
|